Statistiques concernant Punchline Nepal - Trouve le son

Cliquez ici pour prendre le quiz!

Statistiques générales

  • Ce quiz a été pris 77 fois
  • Le résultat moyen est 6 sur 25

Statistiques - réponses

PunchlineTitre% Correct
Si j'le fais, c'est pour mon futur, pas par gaieté d'cœur
Quand elles ont tout elles prennent, quand elles ont R elles turn
Babylone
74%
La drogue c'est c'qui fait qu'des gens biens s'reposent
pendant qu'des enfoirés travaillent dur
Trajectoire
67%
Tu peux commencer aveugle et finir peintreDaruma
48%
Y a un espoir tant qu'on avance
Tant qu'il restera une pensée contraire à la dominante
Tant qu'on pourra s'élever spirituellement, échappant aux forces abominables
Cheddar
43%
Les mauvais choix commis, les bons qu'on aurait pu faire
Et la finalité qu'on trouvera surement pas dans l'oseille
Vibe
35%
D'accord t'aimes bien la mélo mais les lyrics?
Pourquoi tu gâches la magie dans ton iris?
Crossfader
33%
Elle est dans l'amour de tes proches malgré leurs lésions
Dans la force qui fait qu'tu t'lèveras demain pour ta mission
En face
30%
Un jour un mec m'a dit que tout ça c'était qu'un test, une étape
Et tant que le bateau reste à flot, j'fais comme si j'm'en tape
Et la race n'a pas d'importance
Malik al Mawt
30%
Garde le fouet, garde le sceptre, j'suis en wheeling sur une mer de sel
T'es en roue libre sur un gramme de C, ta peur existe pas comme la mère de Cell
Reglement Space
28%
On sait très bien comment faire ici; Tire-les vers le bas, ils te félicitent
Leur avis n'a pas la même valeur; Leur vie n'a pas la même saveur
Là-bas
22%
Mais à raison ou à tort; On trouve des compromis; On fait la guerre en étant en accordLemonade
22%
Tente ta chance quand tout l'monde abandonne
Là pour ger-chan la donne, le reste on s'en balance
444 nuits
20%
J'parle pas d'faire d'la mala avec un red cup
Plastique dans tes boobies, pétrole dans ton make-up
Millionaire
20%
C'est flippant pour un SMIC d'les voir s'agiter comme Duracell
Ils t'font croire que la rotte-ca, soit tu t'la manges soit tu l'assènes
Cousin c'est pas sérieux, cousin c'est lasse-dég
Niveau 1
20%
J'me sens jeune et vieux en même temps
Si j'pense comme un gosse et décide comme un adulte
Ça risque fort d'm'éviter deux-trois embêtements
Cloud 8
17%
Où vas-tu en courant? Si c'est l'tien tu pourras pas rater l'filmSuga Suga
17%
Il s'en est passé du time, l'époque où j'ratais v'là les classes
Maintenant, on bosse pour les classiques, so I spin my hand on the dice
Deadpornstars
15%
Tiens-moi la main, sers la fort, on s'reverra du coté obscur de la demi-lune
Malgré l'illusion du choix, quand ton âme sera prête, tu verras qu'y a pas deux issues
Ennemis
15%
Usain Bolt, ils font tout l'chemin juste pour qu'j'les cace-dédi
Wagadem, c'est juste oim ou tes rappeurs font grave tié-pi?
Kodak White
13%
Une journée sur Terre où chacun verra midi à sa fenêtre
Belek si t'as un grand cœur et l'genou d'un keuf sur la tête
Benji
11%
Bientôt sept mille ans d'histoires à répéter des cycles
Penser, croire, voir de quoi interpréter les signes
Fugu
11%
Pendant qu'les rappeurs trouvent des nouvelles façons d'dire qu'ils fument d'la weed
Bosse les titres, le public s'ra jamais unanime
Mais en concert ils m'backent comme si toutes les lines c'était-
La chance, la mort y a tout chez l'buraliste
150CC
9%
Costard black, si Smith y'a la matrice elle bug
À croire qu'ils sont bons qu'à s'faire écorcher leurs blazes au comptoir du Starbucks
Jugements
9%
J’veux pas reproduire ses erreurs
Pourtant ses réussites sont pas à ma portée, some crazy shit, c'est un bordel
Omotesando
7%
C'est facilement qu'on les a remplacé, c'est conscient, content et condensé
J'suis dans l'noir, vois la lune dans l'ciel, mon âme me dit qu'j'ai pas changé
Intuition me crie "enchaîne", nan mec, y a pas b'soin d'ce danger
Sans voir
2%

Distribution des résultats

Percentile par nombre de réponses

% des personnes avec chaque résultat

Votre développement - résultats

Vous n’avez pas pris ce quiz